Slaves to fashion (Record no. 99235)
[ view plain ]
| 000 -LEADER | |
|---|---|
| fixed length control field | 01292nam a22003254a 4500 |
| 082 04 - DEWEY DECIMAL CLASSIFICATION NUMBER | |
| Classification number | 331.25 |
| 100 1# - MAIN ENTRY--AUTHOR NAME | |
| Personal name | Ross, Robert J. S., |
| 245 10 - TITLE STATEMENT | |
| Title | Slaves to fashion |
| 260 ## - PUBLICATION, DISTRIBUTION, ETC. (IMPRINT) | |
| Place of publication | Ann Arbor : |
| Name of publisher | University of Michigan Press, |
| Year of publication | 2004. |
| 300 ## - PHYSICAL DESCRIPTION | |
| Number of Pages | xii, 396 p. : |
| Other physical details | ill. |
| 650 #0 - SUBJECT ADDED ENTRY--TOPICAL TERM | |
| Topical Term | Sweatshops. |
| Topical Term | Clothing workers. |
| Topical Term | Clothing trade |
| 856 40 - ELECTRONIC LOCATION AND ACCESS | |
| Uniform Resource Identifier | http://site.ebrary.com/lib/rucke/Doc?id=10373102 |
No items available.
